Score 0/10 Timer 03:00
3 Plays Today
% Correct
Barney Stinson
95.4%
Ted Mosby
93.5%
Robin Scherbatsky
92.2%
Lily Aldrin
91.5%
Marshall Eriksen
90%
Neil Patrick Harris
78.5%
Jason Segel
57.4%
Cobie Smulders
54.7%
Alyson Hannigan
52.9%
Josh Radnor
44.7%

You're not logged in!

Compare scores with friends on all Sporcle quizzes.
OR
Log In

Sporcle TV

Today on Sporcle TV


Watch our educational content, quiz creation guides, and fun videos on Sporcle TV.

Show Comments

Extras

Top Quizzes Today


Score Distribution

Paid Content

Your Account Isn't Verified!

In order to create a playlist on Sporcle, you need to verify the email address you used during registration. Go to your Sporcle Settings to finish the process.

Report this User

Report this user for behavior that violates our Community Guidelines.

Details: